<?xml version="1.0" encoding="UTF-8"?>
<record
    xmlns:xsi="http://www.w3.org/2001/XMLSchema-instance"
    xsi:schemaLocation="http://www.loc.gov/MARC21/slim http://www.loc.gov/standards/marcxml/schema/MARC21slim.xsd"
    xmlns="http://www.loc.gov/MARC21/slim">

  <leader>00644nam a22001457a 4500</leader>
  <controlfield tag="008">090210t        xxu||||| |||| 00| 0 eng d</controlfield>
  <datafield tag="020" ind1=" " ind2=" ">
    <subfield code="a">9783836501330</subfield>
  </datafield>
  <datafield tag="082" ind1=" " ind2=" ">
    <subfield code="2">22</subfield>
    <subfield code="a">647.94025</subfield>
    <subfield code="b">GRE</subfield>
  </datafield>
  <datafield tag="245" ind1=" " ind2=" ">
    <subfield code="a">Great Escapes Around The World:</subfield>
    <subfield code="b">Europe.Africa.Asia.South America.north America/</subfield>
    <subfield code="c">/ ed. by Angelika Taschen. [Text: Shelly-Maree Cassidy ... French transl. Delphine N&#xE8;gre-Bouvet ... German transl.: Claudia Egdorf ... Engl. transl.: Cathy Lara ...]</subfield>
  </datafield>
  <datafield tag="260" ind1=" " ind2=" ">
    <subfield code="a">Cologne: </subfield>
    <subfield code="b">Taschen,</subfield>
    <subfield code="c">2007</subfield>
  </datafield>
  <datafield tag="300" ind1=" " ind2=" ">
    <subfield code="a">719 p. : </subfield>
    <subfield code="b">col. ill. ; </subfield>
    <subfield code="c">31 cm.</subfield>
  </datafield>
  <datafield tag="500" ind1=" " ind2=" ">
    <subfield code="a">Text in French, German &amp; English</subfield>
  </datafield>
  <datafield tag="650" ind1=" " ind2=" ">
    <subfield code="9">2090</subfield>
    <subfield code="a">hotels</subfield>
    <subfield code="v">--Guidebooks</subfield>
  </datafield>
  <datafield tag="942" ind1=" " ind2=" ">
    <subfield code="2">ddc</subfield>
    <subfield code="c">BB</subfield>
  </datafield>
  <datafield tag="999" ind1=" " ind2=" ">
    <subfield code="c">10791</subfield>
    <subfield code="d">10791</subfield>
  </datafield>
  <datafield tag="952" ind1=" " ind2=" ">
    <subfield code="0">0</subfield>
    <subfield code="1">0</subfield>
    <subfield code="2">ddc</subfield>
    <subfield code="4">0</subfield>
    <subfield code="7">0</subfield>
    <subfield code="8">Alahram</subfield>
    <subfield code="a">MAIN</subfield>
    <subfield code="b">MAIN</subfield>
    <subfield code="c">1ST</subfield>
    <subfield code="d">2009-02-10</subfield>
    <subfield code="e">purchase</subfield>
    <subfield code="g">349.00</subfield>
    <subfield code="h">6480</subfield>
    <subfield code="l">0</subfield>
    <subfield code="o">647.94025 GRE</subfield>
    <subfield code="p">000014770</subfield>
    <subfield code="r">2025-07-15 00:00:00</subfield>
    <subfield code="y">BB</subfield>
  </datafield>
</record>
